000 00723nam a22001937a 4500
005 20241115112151.0
008 241021b |||||||| |||| 00| 0 eng d
020 _a9786214183609
082 _aDFil 364.168 T12 2024
100 _aTad-awan, Filibert Patrick F.
_962364
245 _aIntroduction to cybercrime and environmental laws and protection /
_cFilibert Patrick F. Tad-awan.
260 _aQuezon City :
_bWiseman's Books Trading, Inc.,
_c©2024.
300 _aiv, 186 pages :
_billustrations ;
_c22 cm.
500 _aIncludes references.
650 0 _aComputer crimes
_xLaw and legislation.
_964158
650 0 _aComputer crimes
_xPrevention.
_964159
650 0 _aEnvironmental law.
_964160
942 _2ddc
_cDFIL
999 _c22723
_d22723